000 00298nam a22001457a 4500
003 SGT
082 _a615
_bR16R
100 _aRANG, H.P.
245 _aRANG & DALE'S PHARMACOLOGY
250 _a8TH
260 _aINDIA
_bELSEVIER
_c2016
300 _a759
650 _aPHARMACOLOGY
942 _2ddc
_cBK
999 _c14108
_d14108